| Tag |
First Indicator |
Second Indicator |
Subfields |
| LEADER |
00000cam a2200000 a 4500 |
| 001 |
in00002692673 |
| 005 |
20151202121705.0 |
| 008 |
100820s2011 nyu d 000 1 eng |
| 010 |
|
|
|a 2010031039
|
| 019 |
|
|
|a 710897931
|
| 020 |
|
|
|a 9780312650087 (hbk.)
|
| 020 |
|
|
|a 0312650086 (hbk.)
|
| 029 |
1 |
|
|a NZ1
|b 13606242
|
| 035 |
|
|
|a (OCoLC)ocn650212906
|
| 035 |
|
|
|a (OCoLC)650212906
|
| 040 |
|
|
|a DLC
|c DLC
|d IG#
|d BTCTA
|d YDXCP
|d IUI
|d TOH
|d ZGX
|d UPZ
|d VP@
|d UtOrBLW
|
| 049 |
|
|
|a TXAM
|
| 050 |
|
4 |
|a PZ7.A26877
|b Raz 2011
|
| 082 |
0 |
0 |
|a [Fic]
|2 22
|
| 100 |
1 |
|
|a Aguirre, Ann.
|
| 245 |
1 |
0 |
|a Enclave /
|c Ann Aguirre.
|
| 250 |
|
|
|a 1st ed.
|
| 264 |
|
1 |
|a New York :
|b Feiwel and Friends,
|c 2011.
|
| 300 |
|
|
|a 262 pages ;
|c 22 cm.
|
| 336 |
|
|
|a text
|b txt
|2 rdacontent
|
| 337 |
|
|
|a unmediated
|b n
|2 rdamedia
|
| 338 |
|
|
|a volume
|b nc
|2 rdacarrier
|
| 520 |
|
|
|a In a post-apocalyptic future, fifteen-year-old Deuce, a loyal Huntress, brings back meat while avoiding the Freaks outside her enclave, but when she is partnered with the mysterious outsider, Fade, she begins to see that the strict ways of the elders may be wrong-- and dangerous.
|
| 650 |
|
0 |
|a Teenage girls
|v Juvenile fiction.
|
| 650 |
|
0 |
|a Survival
|v Juvenile fiction.
|
| 650 |
|
0 |
|a Dystopias
|v Juvenile fiction.
|
| 650 |
|
1 |
|a Teenage girls
|v Fiction.
|
| 650 |
|
1 |
|a Survival
|v Fiction.
|
| 650 |
|
1 |
|a Science fiction.
|
| 655 |
|
7 |
|a Science fiction.
|2 gsafd
|
| 655 |
|
7 |
|a Fantasy fiction.
|2 gsafd
|
| 655 |
|
7 |
|a Dystopias.
|2 gsafd
|
| 655 |
|
0 |
|a Young adult fiction.
|
| 938 |
|
|
|a Ingram
|b INGR
|n 9780312650087
|
| 938 |
|
|
|a Baker and Taylor
|b BTCP
|n BK0009142289
|
| 938 |
|
|
|a YBP Library Services
|b YANK
|n 3714232
|
| 947 |
|
|
|a A14840410111
|
| 945 |
|
|
|a PromptCat
|b 354881
|
| 946 |
|
|
|a curr
|
| 994 |
|
|
|a 92
|b TXA
|
| 948 |
|
|
|a Cataloged
|b h
|c 2011/5/18
|d c
|e EGrant
|
| 999 |
|
|
|a MARS
|
| 999 |
f |
f |
|s 9b50cd58-bd4c-3e12-9bc5-47c8098fe0bd
|i 61849ab5-f79a-31ed-92c8-b8a813f3d6f2
|t 0
|
| 952 |
f |
f |
|p normal
|a Texas A&M University
|b College Station
|c Sterling C. Evans Library
|d Evans: Curriculum Collection (4th floor)
|t 0
|e PZ7.A26877 Raz 2011
|h Library of Congress classification
|i unmediated -- volume
|m A14840410111
|
| 998 |
f |
f |
|a PZ7.A26877 Raz 2011
|t 0
|l Evans: Curriculum Collection (4th floor)
|